Fashion today / (Record no. 353196)

000 -LEADER
fixed length control field 00851 a2200265 4500
003 - CONTROL NUMBER IDENTIFIER
control field OSt
005 - DATE AND TIME OF LATEST TRANSACTION
control field 20180116192358.0
008 - FIXED-LENGTH DATA ELEMENTS--GENERAL INFORMATION
fixed length control field 120702t xxu||||| |||| 00| 0 eng d
010 ## - LIBRARY OF CONGRESS CONTROL NUMBER
LC control number 2001334986
020 ## - INTERNATIONAL STANDARD BOOK NUMBER
International Standard Book Number 0714838977
020 ## - INTERNATIONAL STANDARD BOOK NUMBER
International Standard Book Number 9780714843346
035 ## - SYSTEM CONTROL NUMBER
System control number (CStRLIN)NXXA01-B67
040 ## - CATALOGING SOURCE
Transcribing agency 0
082 00 - DEWEY DECIMAL CLASSIFICATION NUMBER
Classification number 391.00904
100 1# - MAIN ENTRY--PERSONAL NAME
Personal name McDowell, Colin.
9 (RLIN) 5303
245 10 - TITLE STATEMENT
Title Fashion today /
Statement of responsibility, etc. Colin McDowell.
260 ## - PUBLICATION, DISTRIBUTION, ETC.
Place of publication, distribution, etc. London :
Name of publisher, distributor, etc. Phaidon,
Date of publication, distribution, etc. 2000.
300 ## - PHYSICAL DESCRIPTION
Extent 512 p. :
Other physical details ill. (chiefly col.), ports. ;
Dimensions 29 cm.
650 10 - SUBJECT ADDED ENTRY--TOPICAL TERM
Topical term or geographic name entry element Fashion
General subdivision History
Chronological subdivision 20th century.
9 (RLIN) 5304
650 10 - SUBJECT ADDED ENTRY--TOPICAL TERM
Topical term or geographic name entry element Clothing and dress
General subdivision History
Chronological subdivision 20th century.
9 (RLIN) 5305
650 10 - SUBJECT ADDED ENTRY--TOPICAL TERM
Topical term or geographic name entry element Costume design
General subdivision History
Chronological subdivision 20th century.
9 (RLIN) 5306
650 10 - SUBJECT ADDED ENTRY--TOPICAL TERM
Topical term or geographic name entry element Fashion designers
9 (RLIN) 5307
942 ## - ADDED ENTRY ELEMENTS (KOHA)
Institution code [OBSOLETE] SADA
Koha item type Book
Call number prefix 391.00904 MCD 2000
Source of classification or shelving scheme
952 ## - LOCATION AND ITEM INFORMATION (KOHA)
-- BOOK
Holdings
Withdrawn status Lost status Source of classification or shelving scheme Damaged status Not for loan Permanent Location Current Location Date acquired Total Checkouts Full call number Barcode Date last seen Cost, replacement price Price effective from Koha item type
          School of Art Design and Architecture (SADA) School of Art Design and Architecture (SADA) 06/29/2011   391.00904 MCD 2000 SADA0001487 08/05/2011 3367.00 08/05/2011 Book
© 2023 Central Library, National University of Sciences and Technology. All Rights Reserved.